00351nam a2200121Ia 4500008004100000041001200041082002400053100003100077245006900108260002500177300001200202650001500214231217s9999 xx 000 0 und d aEnglish a001.6404 ZAC;2 R1 aZacker, Craig Rourko, John 0aPC hardware : the complete reference [electronic resource: book] c2001bTMHaNew Delhi axxi+697 ahardware,: